Guía apostólica latinoamericana
Сохранить в:
| Главный автор: | |
|---|---|
| Формат: | |
| Язык: | испанский |
| Опубликовано: |
Barcelona
Herder
1965
|
| Предметы: | |
| Метки: |
Добавить метку
Нет меток, Требуется 1-ая метка записи!
|
MARC
| LEADER | 00000nam a2200000 a 4500 | ||
|---|---|---|---|
| 001 | UCL5110 | ||
| 003 | CL-VaPUC | ||
| 008 | 040305e19650000SP |||||||||||||||||spa|d | ||
| 082 | 0 | 4 | |a 267 |b ALF |2 21 |
| 100 | 0 | |a Alfaro, Carlos |e author |9 482786 | |
| 245 | 1 | 0 | |a Guía apostólica latinoamericana |
| 300 | |a 591 p | ||
| 942 | |c BK | ||
| 945 | |d 20040305 00:00:00 |a vberengu | ||
| 260 | |a Barcelona |b Herder |c 1965 | ||
| 650 | 0 | |a Asociaciones católicas |9 475749 | |
| 583 | |a last modification |c 20040305 00:00:00 |k Rodrigo Vera | ||
| 999 | |c 307779 |d 307777 | ||
| 952 | |0 0 |1 0 |4 0 |6 267_000000000000000_ALF_1965 |7 0 |8 A |9 373897 |a BIBTEO |b BIBTEO |d 2019-11-21 |i 2104075 |o 267 ALF 1965 |p 2104075 |r 2025-01-17 |w 2019-11-21 |y BK |k ICR | ||